El proceso político en la liberalización financiera y de desmonopolización de la banca comercial del estado en Costa Rica 1988-1994
El texto analiza el proceso político de liberalización financiera y desmonopolización de la banca estatal en Costa Rica spanning 1988-1994. Se examina cómo estas reformas influyeron en la economía y el sistema financiero del país. Se abordan los desafíos, decisiones y actores involucrados en la impl...
Salvato in:
| Autore principale: | |
|---|---|
| Natura: | Tesi |
| Lingua: | Spanish |
| Pubblicazione: |
San José, Costa Rica
|
| Soggetti: | |
| Tags: |
Aggiungi Tag
Nessun Tag, puoi essere il primo ad aggiungerne!!
|
MARC
| LEADER | 00000 a2200000 04500 | ||
|---|---|---|---|
| 001 | 44577 | ||
| 003 | cru IIS | ||
| 005 | 20230829213141.0 | ||
| 008 | 050618s1996 cr spa d | ||
| 040 | |a CRAI/IIS |c CRAI/IIS | ||
| 090 | |a 09.04.03 V297p | ||
| 100 | |a Vargas Vargas, José Joaquín | ||
| 245 | |a El proceso político en la liberalización financiera y de desmonopolización de la banca comercial del estado en Costa Rica 1988-1994 | ||
| 260 | |b San José, Costa Rica | ||
| 300 | |a 206 página | ||
| 502 | |a Tesis (Maestría)--Universidad de Costa Rica, 1996 | ||
| 520 | |a El texto analiza el proceso político de liberalización financiera y desmonopolización de la banca estatal en Costa Rica spanning 1988-1994. Se examina cómo estas reformas influyeron en la economía y el sistema financiero del país. Se abordan los desafíos, decisiones y actores involucrados en la implementación de estas políticas, destacando su impacto en la competencia bancaria, regulación y el papel del Estado en el sector financiero. RAR 07/2023 | ||
| 650 | 4 | |2 OCDE |9 2657 |a POLITICA FINANCIERA | |
| 650 | 0 | |2 OCDE |9 286 |a LIBERALIZACION ECONOMICA | |
| 650 | 0 | |2 OCDE |9 143 |a ECONOMIA | |
| 650 | 4 | |2 OCDE |9 3358 |a CONDICIONES FINANCIERAS | |
| 650 | 0 | |2 OCDE |9 5213 |a REGULACIÓN | |
| 650 | 0 | |2 OCDE |9 243 |a ESTADO | |
| 651 | 0 | |2 OCDE |9 32 |a COSTA RICA | |
| 942 | |2 ddc |c TE | ||
| 999 | |c 17984 |d 17984 | ||
